书目信息 |
| 题名: |
体制转轨中的区域金融研究
|
|
| 作者: | 殷德生 , 肖顺喜 著 | |
| 分册: | ||
| 出版信息: | 上海 学林出版社 2000.9 |
|
| 页数: | 237页 | |
| 开本: | 20cm | |
| 丛书名: | ||
| 单 册: | ||
| 中图分类: | F832.1 | |
| 科图分类: | ||
| 主题词: | 区域--金融体制--经济体制改革--研究--中国 | |
| 电子资源: | ||
| ISBN: | 7-80616-929-6 | |
| 000 | 00643nam0 2200205 45 | |
| 001 | 0201210969 | |
| 005 | 20031219104052.8 | |
| 010 | @a7-80616-929-6@dCNY12.00 | |
| 100 | @a20020121d2000 km y0chiy0120 ea | |
| 101 | 0 | @achi |
| 105 | @a z 000yy | |
| 200 | 1 | @a体制转轨中的区域金融研究@ATi Zhi Zhuan Gui Zhong De Qu Yu Jin Rong Yan Jiu@f殷德生,肖顺喜著@FYin De Sheng,Xiao Shun Xi Zhu |
| 210 | @a上海@c学林出版社@d2000.9 | |
| 215 | @a237页@d20cm | |
| 606 | 0 | @a区域@x金融体制@x经济体制改革@x研究@y中国 |
| 690 | @aF832.1@v4 | |
| 701 | 0 | @a殷德生@4著 |
| 701 | 0 | @a肖顺喜@4著 |
| 801 | @aCN@bTSTC@c20020121 | |
| 905 | @b304160-164@dF832.1@e15@f5 | |
| 体制转轨中的区域金融研究/殷德生,肖顺喜著.-上海:学林出版社,2000.9 |
| 237页;20cm |
| ISBN 7-80616-929-6:CNY12.00 |
| ● |
| 相关链接 |
|
|
|
|
正题名:体制转轨中的区域金融研究
索取号:F832.1/15
 
预约/预借
| 序号 | 登录号 | 条形码 | 馆藏地/架位号 | 状态 | 备注 |
| 1 | 0304160 | 203041608 | 第一借阅区/ [索取号:F832.1/15] | 在馆 | |
| 2 | 0304161 | 203041617 | 第一借阅区/ [索取号:F832.1/15] | 在馆 | |
| 3 | 0304162 | 203041626 | 第一借阅区/ [索取号:F832.1/15] | 在馆 | |
| 4 | 0304163 | 203041635 | 第一借阅区/ [索取号:F832.1/15] | 在馆 | |
| 5 | 0304164 | 203041644 | 第一样本阅览室/ [索取号:F832.1/15] | 在馆 |